| 000 | 01798cam a22004814i 4500 | ||
|---|---|---|---|
| 003 | PE-LiUPU | ||
| 005 | 20250731173126.0 | ||
| 008 | 150623s r 000 0 d | ||
| 020 | _a0877845255 | ||
| 035 | _a(Sirsi) i9780877845256 | ||
| 040 |
_aPE-LiUPU _bspa _cPE-LiUPU _erda |
||
| 049 | _aPRUA | ||
| 082 | 0 | 4 |
_a261.5 _bM52 _221 |
| 245 | 0 | 4 |
_aThe making of a christian mind : _ba christian world view & the academic enterprise / _cArthur Holmes ed. |
| 250 | _b | ||
| 264 | 1 |
_aDowners Grove, Illinois : _bInter Varsity Press, _c1985. |
|
| 300 |
_a143 páginas ; _c20 centímetros |
||
| 336 |
_atext _2rdacontent |
||
| 337 |
_aunmediated _2rdamedia |
||
| 338 |
_avolume _2rdacarrier |
||
| 504 | _aIncluye bibliografía. | ||
| 505 | 0 | _aForeword. Preface. Toward a christian view of things. Christian world views and some lessons of history. A christian view of the physical world. Furthering the kingdom in psychology. The creative arts. Afterword. | |
| 526 | _aSEG42 | ||
| 526 | _aSEG41 | ||
| 526 | _aSEG40 | ||
| 526 | _aSEG39 | ||
| 526 | _aP94 | ||
| 526 | _aP87 | ||
| 526 | _aP86 | ||
| 526 | _aP85 | ||
| 526 | _aP77 | ||
| 526 | _aP76 | ||
| 526 | _aP35 | ||
| 650 | 0 | 4 |
_aCristianismo y filosofía _xEnsayos, Conferencias, etc. |
| 650 | 0 | 4 |
_aIglesia y escuela _xEnsayos, Conferencias, etc. |
| 700 | 1 |
_aHolmes, Arthur, _eed. |
|
| 942 |
_2ddc _cBOOK |
||
| 949 |
_a261.5 M52 _wDEWEY _c1 _i51228 _lCCODEBUL1 _mBUL _p8.00 _r0 _sY _tBOOK _u2015-6-24 _xTEOLOGIA _PP35 _0COMPRA _o.STAFF. Colección General |
||
| 994 |
_aC0 _bPEPRU |
||
| 596 | _a1 | ||
| 999 |
_a261.5 M52 _wDEWEY _c32935 _i51228 _f2021-11-10 _g5 _lCCODEBUL1 _mBUL _p8.00 _r0 _sY _tBOOK _u2015-6-24 _xTEOLOGIA _PP35 _0COMPRA _o.STAFF. Colección General _d32935 |
||
| 980 |
_81 _gALBERTO SANCHEZ Responsable de Automatización |
||